000 00301 a2200133 4500
000 nam a22 7a 4500
100 _aMel, Slater
110 _aMel, Slater
245 _aBayesian Methods in Statistics
250 _alatest edition
260 _bSage
_c2025
264 _bSage
_c2025
942 _cBK
999 _c397141
_d397141